[Event "CUB-ch (Women)"]
[Site "Ciudad de Holguin"]
[Date "2011.02.04"]
[Round "8"]
[White "Catala Matienzo, Ivette"]
[Black "Gutierrez Garcia, Amanda"]
[Result "1-0"]
[WhiteElo "2171"]
[BlackElo "2022"]
[PlyCount "141"]
[EventDate "2011.01.28"]
[EventType "swiss"]
[EventRounds "9"]
[EventCountry "CUB"]
[EventCategory "1"]
[SourceTitle "EXT 2012"]
[Source "ChessBase"]
[SourceDate "2011.11.24"]
[SourceVersion "1"]
[SourceVersionDate "2011.11.24"]
[SourceQuality "1"]

1. d4 d5 2. Nf3 Nf6 3. e3 e6 4. Bd3 c5 5. b3 Nc6 6. Bb2 Bd6 7. 0-0 Qc7 8. c4 cxd4 9. exd4 0-0 10. Nc3 dxc4 11. bxc4 Bf4 12. d5 Nb4 13. g3 Bh6 14. d6 Qc5 15. Na4 Qh5 16. Bxf6 gxf6 17. Be2 Bd7 18. Nc3 Bc6 19. Nd4 Qe5 20. Rb1 a5 21. a3 Na6 22. Nxc6 bxc6 23. Na4 Rad8 24. Qc2 Nc5 25. Bf3 Rxd6 26. Rfe1 Qg5 27. h4 Qd2 28. Qxd2 Bxd2 29. Nxc5 Bxe1 30. Rxe1 f5 31. Nb7 Rd3 32. Bxc6 Rc8 33. Bb5 Rxa3 34. Rc1 Rc7 35. Nd6 Rc5 36. Be8 Rd3 37. Nb7 Rc7 38. Rb1 Kf8 39. Ba4 Ra3 40. Bd1 Rxc4 41. Nd6 Rb4 42. Rc1 Rd3 43. Nc4 Rxd1+ 44. Rxd1 Rxc4 45. Rd8+ Kg7 46. Ra8 a4 47. Kg2 f4 48. g4 e5 49. Kf3 Kf6 50. Ra6+ Kg7 51. g5 e4+ 52. Kxf4 e3+ 53. Kxe3 Rxh4 54. f4 a3 55. Ke4 Rh3 56. Kf5 Rb3 57. Kg4 Rc3 58. f5 Rb3 59. Ra8 h5+ 60. Kxh5 Rh3+ 61. Kg4 Rh8 62. Rxa3 Rb8 63. Ra7 Rf8 64. Rb7 Rc8 65. g6 Rf8 66. Kg5 Kg8 67. Kf6 fxg6+ 68. Kxg6 Ra8 69. f6 Rc8 70. Rg7+ Kf8 71. Rh7 1-0

[Event "CUB-ch sf (Women)"]
[Site "Santa Clara"]
[Date "2010.11.13"]
[Round "6"]
[White "Sanchez, Loyola Anabel"]
[Black "Gutierrez Garcia, Amanda"]
[Result "1/2-1/2"]
[WhiteElo "2005"]
[BlackElo "2008"]
[PlyCount "107"]
[EventDate "2010.11.08"]
[EventType "tourn"]
[EventRounds "9"]
[EventCountry "CUB"]
[SourceTitle "CBM 139 Extra"]
[Source "ChessBase"]
[SourceDate "2011.01.05"]
[SourceVersion "1"]
[SourceVersionDate "2011.01.05"]
[SourceQuality "1"]

1. e4 c5 2. c3 d5 3. exd5 Qxd5 4. d4 Nf6 5. Nf3 e6 6. Be2 cxd4 7. cxd4 Be7 8. 0-0 0-0 9. Nc3 Qd8 10. Qb3 b6 11. Rd1 Bb7 12. Bf4 Nd5 13. Nxd5 Bxd5 14. Bc4 Nc6 15. Bxd5 Na5 16. Qa4 Qxd5 17. Rac1 Rac8 18. Rxc8 Rxc8 19. Rc1 Rxc1+ 20. Bxc1 Qc6 21. Qxc6 Nxc6 22. Be3 Nb4 23. a3 Nd3 24. b4 a5 25. bxa5 bxa5 26. a4 f6 27. Nd2 Nb2 28. Nb3 Bb4 29. Nc5 Kf7 30. Bc1 Nc4 31. Kf1 Ke7 32. Ke2 Kd6 33. Nb3 Kd5 34. Kd3 Nb6 35. Bd2 Nxa4 36. Nxa5 Nb2+ 37. Kc2 Bxd2 38. Kxd2 Kxd4 39. Nc6+ Ke4 40. Nd8 e5 41. Ne6 g5 42. Nc5+ Kf5 43. Nd7 Nc4+ 44. Kd3 Nd6 45. g4+ Kxg4 46. Nxf6+ Kf3 47. Nxh7 e4+ 48. Kc2 g4 49. Nf6 Nc4 50. Kc3 Ne5 51. Kd4 Nc6+ 52. Kc3 Ne5 53. Kd4 Nc6+ 54. Kc3 1/2-1/2

[Event "CUB-ch sf (Women)"]
[Site "Santa Clara"]
[Date "2010.11.11"]
[Round "4"]
[White "Campos Vila, Milena"]
[Black "Gutierrez Garcia, Amanda"]
[Result "0-1"]
[WhiteElo "2223"]
[BlackElo "2008"]
[PlyCount "128"]
[EventDate "2010.11.08"]
[EventType "tourn"]
[EventRounds "9"]
[EventCountry "CUB"]
[SourceTitle "CBM 139 Extra"]
[Source "ChessBase"]
[SourceDate "2011.01.05"]
[SourceVersion "1"]
[SourceVersionDate "2011.01.05"]
[SourceQuality "1"]

1. d4 d5 2. Nf3 Nf6 3. c4 c6 4. Nbd2 e6 5. e3 Bd6 6. b3 Nbd7 7. Bb2 0-0 8. Bd3 Qe7 9. Ne5 Ne8 10. Qf3 g6 11. 0-0 f5 12. Qh3 Qg7 13. f4 Nef6 14. Ndf3 Ne4 15. Rad1 Ndf6 16. Bxe4 Nxe4 17. Nd2 a5 18. Nxe4 fxe4 19. Qh4 a4 20. Rf2 Bd7 21. Rdf1 a3 22. Bc3 b5 23. Nxd7 Qxd7 24. c5 Be7 25. Qh3 Rf6 26. Bb4 Qa7 27. g4 Raf8 28. Kg2 Kg7 29. Qg3 Bd8 30. g5 Rf5 31. h4 h5 32. gxh6+ Kxh6 33. Rh1 Rh5 34. Kf1 Rh8 35. Rg2 Qf7 36. Bxa3 Kg7 37. Rgh2 b4 38. Bxb4 Qb7 39. Be1 Qb5+ 40. Kg1 Qd3 41. Qf2 Be7 42. Qg3 Bd8 43. Rh3 Bf6 44. Kg2 Ra8 45. Qf2 Kf7 46. Kg1 Qb1 47. R3h2 Rxa2 48. Qxa2 Qxe1+ 49. Kg2 Qxe3 50. Qf2 Qxf2+ 51. Kxf2 Bxd4+ 52. Ke2 Bxc5 53. Rc1 d4 54. Rc4 Rd5 55. b4 d3+ 56. Kd1 Bd4 57. Rd2 Kf6 58. Rxc6 Kf5 59. Rc4 Kxf4 60. Rg2 Kf3 61. Rxg6 e3 62. Rxd4 Rxd4 63. Rf6+ Rf4 64. Rxe6 e2+ 0-1

[Event "CUB-ch sf (Women)"]
[Site "Santa Clara"]
[Date "2010.11.09"]
[Round "2"]
[White "Gutierrez Garcia, Amanda"]
[Black "Fleites Marti, Yuleikys"]
[Result "1/2-1/2"]
[WhiteElo "2008"]
[BlackElo "2179"]
[PlyCount "120"]
[EventDate "2010.11.08"]
[EventType "tourn"]
[EventRounds "9"]
[EventCountry "CUB"]
[SourceTitle "CBM 139 Extra"]
[Source "ChessBase"]
[SourceDate "2011.01.05"]
[SourceVersion "1"]
[SourceVersionDate "2011.01.05"]
[SourceQuality "1"]

1. e4 c5 2. Nf3 Nc6 3. d4 cxd4 4. Nxd4 Nf6 5. Nc3 e5 6. Ndb5 d6 7. Bg5 a6 8. Na3 b5 9. Nd5 Be7 10. Bxf6 Bxf6 11. c4 b4 12. Nc2 0-0 13. Be2 a5 14. 0-0 Bg5 15. Qd3 Nb8 16. a3 bxa3 17. Rxa3 Na6 18. Bf3 Nc5 19. Qe2 Rb8 20. b4 axb4 21. Ncxb4 Bb7 22. Bg4 g6 23. Nd3 Bxd5 24. Nxc5 Bxc4 25. Qxc4 dxc5 26. Rd3 Rb4 27. Qxc5 Qxd3 28. Qxb4 Bd2 29. Rd1 Bxb4 30. Rxd3 Ra8 31. g3 Ra2 32. Bd1 Bc5 33. Rf3 Ra1 34. Rd3 Kg7 35. Kg2 Ra2 36. Rf3 f6 37. Bb3 Rb2 38. Bd5 Rd2 39. Bc6 Bd4 40. Bb7 Rc2 41. Bd5 h5 42. h3 Rc3 43. Rxc3 Bxc3 44. f4 Be1 45. fxe5 fxe5 46. Kf3 Kf6 47. g4 h4 48. Bc6 Bd2 49. Bd5 Ke7 50. Ke2 Bf4 51. Kf3 Kd6 52. Bf7 g5 53. Bd5 Kc5 54. Bb3 Kd4 55. Bd1 Kd3 56. Be2+ Kd2 57. Bf1 Ke1 58. Be2 Bc1 59. Bd3 Kd2 60. Be2 Kc3 1/2-1/2

[Event "Camaguey-B"]
[Site "Camaguey"]
[Date "2010.02.04"]
[Round "4"]
[White "Gutierrez Garcia, Amanda"]
[Black "Valdivia Pena, Yaima"]
[Result "1-0"]
[WhiteElo "1994"]
[BlackElo "2138"]
[PlyCount "57"]
[EventDate "2010.02.02"]
[EventType "tourn"]
[EventRounds "11"]
[EventCountry "CUB"]
[SourceTitle "CBM 135 Extra"]
[Source "ChessBase"]
[SourceDate "2010.05.04"]
[SourceVersion "1"]
[SourceVersionDate "2010.05.04"]
[SourceQuality "1"]

1. e4 c5 2. Nf3 Nc6 3. d4 cxd4 4. Nxd4 Nf6 5. Nc3 e5 6. Ndb5 d6 7. Bg5 a6 8. Na3 b5 9. Nd5 Be7 10. Bxf6 Bxf6 11. c4 b4 12. Nc2 Rb8 13. g3 0-0 14. b3 Be6 15. h4 Bxd5 16. Qxd5 Qc7 17. Bh3 g6 18. h5 Ne7 19. Qd2 a5 20. 0-0-0 Rfd8 21. hxg6 hxg6 22. Bg4 a4 23. Qh6 axb3 24. axb3 Nc6 25. Ne3 Qa5 26. Nf5 Qa3+ 27. Kd2 Qxb3 28. Qh7+ Kf8 29. Qh8+ 1-0